| 000 | 00753nam a22002657a 4500 | ||
|---|---|---|---|
| 001 | 3799 | ||
| 003 | FISKH | ||
| 005 | 20250826091239.0 | ||
| 008 | 240508b cb ||||| |||| 00| 0 eng d | ||
| 020 | _a9781740898102 | ||
| 040 |
_aFISKH _beng _cFISKH _dFISKH |
||
| 050 | _a910.911 | ||
| 100 |
_aCoupe, Robert _eauthor |
||
| 245 |
_aLife on ice / _cRobert Coupe |
||
| 260 |
_aSydney : _bWeldon Owen Publishing ; _c2008 |
||
| 300 |
_a32 pages : _bcolor illustrations ; _c24 cm . |
||
| 490 | _a Top Readers (Stage 3) | ||
| 505 | _aO | ||
| 520 | _aDepicts life at the polar regions. | ||
| 521 | 8 |
_a640
_bLexile estimate |
|
| 521 | 8 |
_aO
_bRaz-Plus |
|
| 650 |
_aPolar bears _vNon-fiction |
||
| 942 |
_2ddc _cBK _n0 |
||
| 999 |
_c3799 _d3799 |
||